Random Country Trivia #2 - Statistics

General Stats
  • This quiz has been taken 17 times
  • The average score is 6 of 15
Answer Stats
Question Answer % Correct
Has the highest percent of its population vegetarian India
88%
Has the southernmost capital city in the world New Zealand
88%
Known as "The Land of Fire and Ice" Iceland
75%
Home to the highest accessible sea cliff in Europe Ireland
69%
Has the highest beer consumption per capita Czech Republic
50%
Known as "Land of a Thousand Lakes" Finland
44%
Has more lions than any other country Tanzania
38%
Known as the oldest country in the world San Marino
31%
The country with the least dense road network Sudan
25%
The country with the youngest median age Niger
19%
Has the earliest average wake up time South Africa
19%
This country spanned two continents before a secession in 1903 Panama
13%
Consumes the most tea per capita Sri Lanka
13%
Has more species of hummingbird than any other country Colombia
0%
Projected to be the last country to have a population peak Nigeria
0%
No matching quizzes found
Score Distribution
Percent of People with Each Score
Percentile by Number Answered
Your Score History
You have not taken this quiz